QUEST Central Library Banner

Programmable logic controllers, third edition- by frank D. petruzella. (Record no. 2112)

MARC details
000 -LEADER
fixed length control field 00537nam a2200157 a 4500
020 ## - INTERNATIONAL STANDARD BOOK NUMBER
ISBN 0071067388 (paperback)
020 ## - INTERNATIONAL STANDARD BOOK NUMBER
ISBN 9780071067386 (paperback)
245 00 - TITLE STATEMENT
Title Programmable logic controllers, third edition- by frank D. petruzella.
250 ## - EDITION STATEMENT
Edition statement Third edition.
260 ## - PUBLICATION, DISTRIBUTION, ETC. (IMPRINT)
Place of publication [S.l.] :
Name of publisher TATA McGraw Hill Edition,
Year of publication 2010.
300 ## - PHYSICAL DESCRIPTION
Number of Pages 468 p.
856 40 - ELECTRONIC LOCATION AND ACCESS
Uniform Resource Identifier http://www.amazon.com/exec/obidos/ASIN/B007YTDCV4/chopaconline-20
Holdings
Withdrawn status Lost status Home library Current library Date acquired Cost, normal purchase price Full call number Accession Number Koha item type
    Central Library, QUEST, Nawabshah Reference Section 09/05/2014 864.00 629.895PET(Shelf - 80B) 42865 Books
    Central Library, QUEST, Nawabshah Reference Section 09/05/2014 864.00 629.895PETShelf - 80E) 42866 Books

Copyright © 2018,The QUEST, Nawabshah, Shaheed Benazirabad. All rights reserved
Mr. G. Farooq Channar (Librarian) QUEST, Nawabshah, Sindh, Pakistan 67480.
 Ph#: |   0244-9370381-4 Ext. 2308   Email| lib@quest.edu.pk   Web|  http://www.quest.edu.pk